Trzy prawdziwe i jedno fałszywe - wiedza ogólna - Statystyki

Ogólne statystyki
  • Ten quiz został rozwiązany 3 504 razy
  • Średni wynik to 9 z 15
Statystyki odpowiedzi
Zagadnienie Odpowiedź % Poprawnych
Prezydenci Polski Donald Tusk
92%
Instrumenty muzyczne Obojczyk
90%
Ssaki Baobab
88%
Kamienie szlachetne Srebro
87%
Postacie z Władcy Pierścieni Dumbledore
81%
Rodzaje statków Ciągnik
76%
Części samochodu Kółko ogonowe
75%
Okresy / epoki w tabeli stratygraficznej Hercyn
70%
Pierwiastki chemiczne Tesla
57%
Wyspy na Morzu Bałtyckim Nowa Ziemia
47%
Owoce Bułecznik jadalny
41%
Brazylijskie gwiazdy piłki nożnej Pepita
41%
Hity lat osiemdziesiątych I Don't Want to Miss a Thing
21%
Obrazy Picasso
14%
Sporty Karling
9%
Nie znaleziono quizów pasujących do podanych kryteriów
Rozkład punktacji
Procent ludzi z każdym wynikiem
Percentyl według liczby udzielonych odpowiedzi
Twoja historia wyników
Nie rozwiązałeś tego quizu